00481nam a2200193 a 4500001001300000003000900013005001700022008004100039020001100080082001300091100001600104245001800120260005000138300000900188500003500197505001200232650002700244700001600271nice12345678IN_TiNIC20260116011826.0050524s1938 alla grp 000 0 urd  ac0.7500a234bDRA aDrake, John aMasla-E-Najat aAllahabadbNorth India Christian Tractsc1938 a195p aincludes index and biblioraphy2 aReserve aSalvation-Christianity1 aDrake, John